The right to tell: The role of mass media in economic development
में बचाया:
| निगमित लेखक: | |
|---|---|
| स्वरूप: | पुस्तक |
| भाषा: | Undetermined |
| प्रकाशित: |
Washington DC
The World Bank
2002
|
| टैग : |
टैग जोड़ें
कोई टैग नहीं, इस रिकॉर्ड को टैग करने वाले पहले व्यक्ति बनें!
|
| Thư viện lưu trữ: | Trung tâm Học liệu Trường Đại học Cần Thơ |
|---|
| LEADER | 00475nam a2200169Ia 4500 | ||
|---|---|---|---|
| 001 | CTU_62777 | ||
| 008 | 210402s9999 xx 000 0 und d | ||
| 082 | |a 302.23 | ||
| 082 | |b W927 | ||
| 110 | |a The World Bank | ||
| 245 | 4 | |a The right to tell: The role of mass media in economic development | |
| 245 | 4 | |c The World Bank | |
| 260 | |a Washington DC | ||
| 260 | |b The World Bank | ||
| 260 | |c 2002 | ||
| 904 | |i Minh | ||
| 980 | |a Trung tâm Học liệu Trường Đại học Cần Thơ | ||